000
00216 a2200097 4500
001
23198
100
_a
Dar, B A
245
_a
Letters and Writings of Islam
260
_a
_b
Iqbal Academy
_c
1967
090
_c
15706
_d
15706
942
_a
NUST-CAE
_c
M
_c
6343
999
_c
258271
_d
258271